Online katalóg knižníc regiónu Turca

Ráno, poludnie, večer (Record no. 22226)

MARC details
000 -LEADER
fixed length control field 01873cam a2200493 a 4500
001 - CONTROL NUMBER
control field 22226
003 - CONTROL NUMBER IDENTIFIER
control field VRT
005 - DATE AND TIME OF LATEST TRANSACTION
control field 20260323135006.0
008 - FIXED-LENGTH DATA ELEMENTS--GENERAL INFORMATION
fixed length control field 240620s1996 xo er 000 f slo
015 ## - NATIONAL BIBLIOGRAPHY NUMBER
National bibliography number SNBA1997/0300685
020 ## - INTERNATIONAL STANDARD BOOK NUMBER
International Standard Book Number 8071180300
035 ## - SYSTEM CONTROL NUMBER
System control number SNK000170615
035 ## - SYSTEM CONTROL NUMBER
System control number urn:nbn:sk:snk-amk5dv
035 ## - SYSTEM CONTROL NUMBER
System control number urn:nbn:sk:snk-am00557u
035 ## - SYSTEM CONTROL NUMBER
System control number B3AEAB2A-14DF-4E0A-ABD4-768630844BC5
039 #9 - LEVEL OF BIBLIOGRAPHIC CONTROL AND CODING DETAIL [OBSOLETE]
Level of rules in bibliographic description 202408141136
Level of effort used to assign nonsubject heading access points csnk01
Level of effort used to assign subject headings 202406211058
Level of effort used to assign classification msnk123
Level of effort used to assign subject headings 202406211058
Level of effort used to assign classification msnk123
Level of effort used to assign subject headings 202406200853
Level of effort used to assign classification VLOAD
040 ## - CATALOGING SOURCE
Original cataloging agency SNK
Language of cataloging slo
Transcribing agency SNK
Description conventions AACR2
041 1# - LANGUAGE CODE
Language code of text/sound track or separate title slo
Language code of original eng
044 ## - COUNTRY OF PUBLISHING/PRODUCING ENTITY CODE
MARC country code xo
ISO country code SK
072 #7 - SUBJECT CATEGORY CODE
Subject category code 821.111(73)-3
Subject category code subdivision Americká próza
Source konspekt
080 ## - UNIVERSAL DECIMAL CLASSIFICATION NUMBER
Universal Decimal Classification number 820 (73)-3
Edition identifier 1981
080 ## - UNIVERSAL DECIMAL CLASSIFICATION NUMBER
Universal Decimal Classification number 821.111(73)-31
Edition identifier 2011
080 ## - UNIVERSAL DECIMAL CLASSIFICATION NUMBER
Universal Decimal Classification number 821-311.1
Edition identifier 2011
100 1# - MAIN ENTRY--PERSONAL NAME
Personal name Sheldon, Sidney,
Dates associated with a name 1917-2007
Relationship aut
240 10 - UNIFORM TITLE
Uniform title Morning, Noon and Night
Language of a work Slovensky
245 10 - TITLE STATEMENT
Title Ráno, poludnie, večer
Statement of responsibility, etc. Sidney Sheldon ; z anglického originálu Morning, Noon and Night ... preložila Ingrid Rybovičová
260 ## - PUBLICATION, DISTRIBUTION, ETC.
Place of publication, distribution, etc. Bratislava
Name of publisher, distributor, etc. Ikar
Date of publication, distribution, etc. 1996
300 ## - PHYSICAL DESCRIPTION
Extent 221 s.
Dimensions 21 cm
655 #7 - INDEX TERM--GENRE/FORM
Genre/form data or focus term americké romány
Source of term SNKPH
655 #7 - INDEX TERM--GENRE/FORM
Genre/form data or focus term spoločenské romány
Source of term SNKPH
655 #7 - INDEX TERM--GENRE/FORM
Genre/form data or focus term psychologické romány
Source of term SNKPH
700 1# - ADDED ENTRY--PERSONAL NAME
Personal name Rybovičová, Ingrid,
Dates associated with a name 1967-
Relationship trl
911 ## - EQUIVALENCE OR CROSS-REFERENCE-CONFERENCE OR MEETING NAME [LOCAL, CANADA]
Meeting name or jurisdiction name as entry element KN 1997/03
Number [OBSOLETE] 00685
942 ## - ADDED ENTRY ELEMENTS (KOHA)
Source of classification or shelving scheme Dewey Decimal Classification
Koha item type Krásna literatúra pre dospelých
Suppress in OPAC No
949 ## - LOCAL PROCESSING INFORMATION (OCLC)
6 270001000056786
a svkbbA 92525
b svkbbm 606355
p 606.355
949 ## - LOCAL PROCESSING INFORMATION (OCLC)
6 273K0229521
a svkpoA 169096
b svkpo420621
949 ## - LOCAL PROCESSING INFORMATION (OCLC)
6 3912001547
a knkjsdo/B
b knkjs2008/244551
949 ## - LOCAL PROCESSING INFORMATION (OCLC)
6 3912000089
a knkjsdo
b knkjs260782
949 ## - LOCAL PROCESSING INFORMATION (OCLC)
9 P60, <09>, [BOOK], {629}
a snkC 3332
b snk4491/961218
949 ## - LOCAL PROCESSING INFORMATION (OCLC)
6 17A0023639
9 P60, <03>, [BOOK], {603}
a snkSC 91927
b snkKSP 10908/96
s 6100:20140925
949 ## - LOCAL PROCESSING INFORMATION (OCLC)
6 17A0023638
9 P60, <05>, [BOOK], {605}
a snkSC 91927 D1
b snkKSP 10909/96
Holdings
Stav vyradenia Strata Poškodenie Spôsob nadobudnutia Domovská knižnica Aktuálna knižnica Dátum nadobudnutia Total checkouts Čiarový kód exemplára Date last seen Typ exemplára
      Dar Obecná knižnica Horná Štubňa Obecná knižnica Horná Štubňa 23.03.2026   9788071180302 23.03.2026 Krásna literatúra pre dospelých
Projekt je podporený Slovenskou asociáciou knižníc
Prevádzkuje Turčianska knižnica Martin 2026